[Event "Circuito Nacional 2003 final"]
[Site "Vicente Lopez"]
[Date "2004.??.??"]
[Round "1"]
[White "Slipak, Sergio"]
[Black "Valerga, Diego"]
[Result "1-0"]
[WhiteElo "2502"]
[BlackElo "2498"]
[PlyCount "91"]
[EventDate "2004.08.03"]
[Source "Roberto Alvarez"]
[SourceDate "2004.08.17"]

1. d4 Nf6 2. c3 d6 3. Bg5 Nbd7 4. f3 e5 5. e4 Be7 6. Bd3 O-O 7. Ne2 d5 8. Bxf6 Bxf6 9. O-O c5 10. Nd2 cxd4 11. exd5 Bg5 12. f4 exf4 13. Nxd4 Nf6 14. c4 Ng4 15. Qb3 Ne3 16. Rf2 Bg4 17. N2f3 Bf6 18. Ne2 g5 19. Nc3 Bxf3 20. Rxf3 g4 21. Rxf4 Be5 22. Re4 Qd6 23. Rxe3 Bxh2+ 24. Kf2 Rae8 25. Ne4 Qe5 26. Qc3 Qf5+ 27. Ke2 Be5 28. Rf1 Qxf1+ 29. Kxf1 Bxc3 30. bxc3 Kg7 31. Re2 b6 32. Rf2 Re5 33. Nd6 h5 34. Rf4 f6 35. Kf2 Rd8 36. Nf5+ Kf7 37. Nd4 Rg8 38. Bf5 Rg5 39. d6 Rg8 40. d7 g3+ 41. Kf3 Re1 42. Nc6 Rf1+ 43. Ke3 Rd1 44. Rd4 Re1+ 45. Kd2 Rg1 46. Be4 1-0

[Event "Munich Open 9192"]
[Site "Munich GER"]
[Date "1992.??.??"]
[Round "6"]
[White "Kuijf, Marinus N"]
[Black "Stohl, Igor"]
[Result "1/2-1/2"]
[WhiteElo "2440"]
[BlackElo "2560"]
[PlyCount "26"]
[EventDate "1992.01.??"]
[Source "www.chesslib.no"]
[SourceDate "2004.05.04"]

1. d4 Nf6 2. c3 d6 3. Bg5 Nbd7 4. Nd2 e5 5. e3 Be7 6. Bd3 h6 7. Bh4 d5 8. Ne2 c6 9. O-O O-O 10. Bf5 Re8 11. Qc2 Nh5 12. Bg3 Nxg3 13. Nxg3 Bd6 1/2-1/2

[Event "NOR-chT fin"]
[Site "Oslo"]
[Date "2002.05.10"]
[Round "3"]
[White "Gausel, Einar"]
[Black "Djurhuus, Rune"]
[Result "1/2-1/2"]
[WhiteElo "2517"]
[BlackElo "2479"]
[PlyCount "216"]
[EventDate "2002.05.08"]
[Source "ChessBase"]
[SourceDate "2002.07.08"]

1. d4 Nf6 2. c3 d5 3. Nf3 Bf5 4. Qb3 Qc8 5. Bg5 Nbd7 6. e3 e6 7. Nbd2 Bd6 8. c4 c6 9. Bd3 h6 10. Bxf6 Nxf6 11. O-O Bxd3 12. Qxd3 O-O 13. Rac1 Qd8 14. a3 a5 15. c5 Bc7 16. b4 axb4 17. axb4 Qe7 18. b5 e5 19. dxe5 Nd7 20. bxc6 bxc6 21. Qc2 Bxe5 22. e4 dxe4 23. Qxe4 Qf6 24. Qg4 Rfd8 25. Rfe1 g6 26. h4 Bf4 27. Ne4 Qf5 28. Qxf5 gxf5 29. Nd6 Bxc1 30. Rxc1 f4 31. Nf5 Kh7 32. Rc4 Ra5 33. Rxf4 Rxc5 34. Ne3 Rc1+ 35. Kh2 Rf8 36. Rd4 Nf6 37. g4 c5 38. Ra4 Re8 39. Ra7 Rxe3 40. fxe3 Nxg4+ 41. Kg3 Nxe3 42. Rxf7+ Kg8 43. Rc7 c4 44. Rc8+ Kf7 45. Kf4 Nd5+ 46. Ke4 Nf6+ 47. Kd4 Rd1+ 48. Ke3 c3 49. Ke2 Rc1 50. Rc7+ Ke6 51. Rc6+ Ke7 52. Nd4 h5 53. Nf5+ Kf7 54. Nh6+ Kg7 55. Nf5+ Kg6 56. Ne3 Kf7 57. Kd3 Ng4 58. Rc7+ Kg6 59. Nc2 Rh1 60. Kxc3 Rxh4 61. Nd4 Kf6 62. Rc6+ Kf7 63. Nf5 Rh3+ 64. Kd4 Rh1 65. Ke4 Nf6+ 66. Ke3 h4 67. Nxh4 Rxh4 68. Ra6 Kg6 69. Kf3 Kf5 70. Ra5+ Ke6 71. Kg3 Rb4 72. Kf3 Nd5 73. Ra8 Rf4+ 74. Ke2 Ke5 75. Kd2 Rh4 76. Ke2 Rh2+ 77. Kf3 Rh3+ 78. Kf2 Nf6 79. Rf8 Nd5 80. Ke2 Nc3+ 81. Kf2 Ne4+ 82. Ke2 Nd6 83. Ra8 Kf4 84. Kd2 Ke4 85. Ra4+ Kd5 86. Ra8 Kd4 87. Ke2 Re3+ 88. Kf2 Ne4+ 89. Kg2 Rg3+ 90. Kf1 Rb3 91. Rh8 Rf3+ 92. Ke2 Rf2+ 93. Kd1 Nc5 94. Rd8+ Ke3 95. Re8+ Ne4 96. Kc1 Rh2 97. Re7 Kd3 98. Rd7+ Kc4 99. Kd1 Nc5 100. Rd8 Kc3 101. Rc8 Kc4 102. Ke1 Kd4 103. Kf1 Ne4 104. Ra8 Nd2+ 105. Kg1 Nf3+ 106. Kf1 Rb2 107. Ra4+ Ke3 108. Re4+ Kxe4 1/2-1/2

[Event "Bundesliga 8990"]
[Site "Germany"]
[Date "1990.??.??"]
[Round "?"]
[White "Garcia Palermo, Carlos"]
[Black "Adorjan, Andras"]
[Result "1/2-1/2"]
[WhiteElo "2465"]
[BlackElo "2530"]
[PlyCount "43"]
[EventDate "1989.10.??"]
[Source "ChessBase"]
[SourceDate "1999.07.01"]

1. d4 Nf6 2. c3 d5 3. Nf3 g6 4. Bf4 Bg7 5. h3 O-O 6. e3 c5 7. Nbd2 Nc6 8. dxc5 a5 9. a4 Nd7 10. Nb3 e5 11. Bg3 e4 12. Nfd4 Be5 13. Bxe5 Ndxe5 14. Bb5 Qg5 15. Kf1 Rd8 16. Ne2 Nc4 17. Nbd4 Nxb2 18. Qc2 Nc4 19. Bxc4 dxc4 20. Qxe4 Qxc5 21. Nxc6 bxc6 22. Nd4 1/2-1/2

[Event "Serbian-ch 29th"]
[Site "Sabac"]
[Date "1998.04.26"]
[Round "7"]
[White "Tosic, Miroslav"]
[Black "Relange, Eloi"]
[Result "1-0"]
[WhiteElo "2505"]
[BlackElo "2490"]
[PlyCount "73"]
[EventDate "1998.04.20"]
[Source "ChessBase"]
[SourceDate "1998.08.06"]

1. d4 Nf6 2. g3 d5 3. Bg2 c6 4. c4 Bf5 5. Nc3 e6 6. Qb3 Qb6 7. c5 Qc7 8. Bf4 Qc8 9. Rc1 Nbd7 10. Nf3 Be7 11. Nh4 O-O 12. Nxf5 exf5 13. Qc2 g6 14. h4 b6 15. cxb6 axb6 16. O-O Re8 17. a3 Bf8 18. Bf3 Qa6 19. Kg2 h6 20. Na2 Re6 21. Nb4 Bxb4 22. axb4 Kg7 23. Qd2 Ng8 24. Rfe1 f6 25. Ra1 Qxa1 26. Rxa1 Rxa1 27. b5 Ne7 28. Bxh6+ Kf7 29. bxc6 Rxc6 30. Qd3 Ke6 31. Bf4 Ra8 32. Qe3+ Kf7 33. Qb3 Ke6 34. Bd2 Ne5 35. dxe5 fxe5 36. e4 fxe4 37. Bxe4 1-0

[Event "San Martin"]
[Site "San Martin"]
[Date "1994.??.??"]
[Round "3"]
[White "Larsen, Bent"]
[Black "Sanchez Almeyra, Jorge"]
[Result "1/2-1/2"]
[WhiteElo "2560"]
[BlackElo "2435"]
[PlyCount "107"]
[EventDate "1994.04.??"]
[Source "ChessBase"]

1. d4 Nf6 2. g3 g6 3. Bg2 d5 4. Nh3 Bxh3 5. Bxh3 c6 6. c3 Nbd7 7. Qb3 Qb6 8. Bf4 e6 9. Nd2 Be7 10. O-O O-O 11. Rfe1 c5 12. dxc5 Bxc5 13. Qxb6 Bxb6 14. Rac1 Rac8 15. a3 Nc5 16. Bh6 Nce4 17. Nxe4 Nxe4 18. e3 Rfd8 19. Rcd1 Bc7 20. Bg2 Be5 21. Bxe4 dxe4 22. Kf1 Bh8 23. g4 f6 24. Bf4 e5 25. Bg3 Kf7 26. Ke2 Ke6 27. a4 Bg7 28. a5 a6 29. Rxd8 Rxd8 30. Ra1 Bf8 31. Ra4 Rd5 32. Rxe4 Rxa5 33. Kd3 Bd6 34. Rc4 Rd5+ 35. Kc2 Rc5 36. Ra4 Rc8 37. f3 Bc5 38. Kd3 Rc6 39. Ra1 Rd6+ 40. Ke2 Rb6 41. b4 Be7 42. e4 Rc6 43. Be1 Rc8 44. Bd2 Rh8 45. Rg1 h5 46. g5 fxg5 47. Bxg5 Bxg5 48. Rxg5 Kf6 49. Rg1 Rc8 50. Kd3 Rd8+ 51. Ke3 Rc8 52. Kd3 Rd8+ 53. Ke3 Rc8 54. Kd3 1/2-1/2

[Event "Bundesliga 9394"]
[Site "Germany"]
[Date "1994.??.??"]
[Round "?"]
[White "Norwood, David"]
[Black "Wahls, Matthias"]
[Result "1/2-1/2"]
[WhiteElo "2515"]
[BlackElo "2480"]
[PlyCount "32"]
[EventDate "1993.10.??"]
[Source "ChessBase"]
[SourceDate "1999.07.01"]

1. d4 Nf6 2. c3 c5 3. Nf3 d5 4. dxc5 e6 5. b4 a5 6. Qb3 b6 7. cxb6 Qxb6 8. Be3 Qb7 9. bxa5 Rxa5 10. Nbd2 Nbd7 11. Bd4 Bd6 12. c4 e5 13. Bc3 Ra3 14. Qxb7 Bxb7 15. Bb2 Ra4 16. e3 Ke7 1/2-1/2

[Event "It (cat.9)"]
[Site "Paks (Hungary)"]
[Date "2007.08.09"]
[Round "5"]
[White "Grunberg Mihai-Lucian (ROM)"]
[Black "Groszpeter Attila (HUN)"]
[Result "0-1"]
[WhiteElo "2472"]
[BlackElo "2522"]
[PlyCount "91"]
[EventDate "2007.??.??"]
[Source "www.chesslib.no"]
[SourceDate "2004.05.04"]

1. d4 Nf6 2. g3 d5 3. c4 c6 4. Bg2 dxc4 5. Na3 e5 6. dxe5 Qxd1+ 7. Kxd1 Ng4 8. Ke1 Nxe5 9. f4 Bxa3 10. bxa3 Ned7 11. Bb2 O-O 12. Nf3 Na6 13. Kf2 Nb6 14. Bd4 Re8 15. Rhc1 f6 16. Nd2 Bg4 17. e3 Rad8 18. Bf1 c5 19. Bc3 Nd5 20. Bxc4 b5 21. Bxd5+ Rxd5 22. Nf1 Rd3 23. Rab1 Nc7 24. Ba5 Rxa3 25. Bxc7 Rxa2+ 26. Kg1 Bf3 27. h4 Rg2+ 28. Kh1 Rd2+ 29. Kg1 Rg2+ 30. Kh1 Rc8 31. Bd6 Rd2+ 32. Kg1 Rg2+ 33. Kh1 Rc6 34. Bxc5 Re2+ 35. Kg1 Rg2+ 36. Kh1 a5 37. f5 Ra2+ 38. Kg1 Rg2+ 39. Kh1 h5 40. Ra1 Re2+ 41. Kg1 Rg2+ 42. Kh1 a4 43. e4 Rc2+ 44. Kg1 R6xc5 45. Rxc2 Rxc2 46. Ne3 0-1

[Event "Bundesliga 2004-5"]
[Site "Koelln"]
[Date "2004.11.13"]
[Round "1"]
[White "Vujic, Branimir"]
[Black "Hansen, Curt"]
[Result "1-0"]
[WhiteElo "2360"]
[BlackElo "2633"]
[PlyCount "65"]
[EventDate "2004.11.14"]
[Source "Roberto Alvarez"]
[SourceDate "2004.11.22"]

1. d4 Nf6 2. Bf4 c5 3. e3 cxd4 4. exd4 Qb6 5. Nc3 d6 6. Bb5+ Bd7 7. Bxd7+ Nbxd7 8. Rb1 e6 9. Nf3 Be7 10. O-O O-O 11. Re1 Rfc8 12. Ne2 Qc6 13. c3 b5 14. Rc1 a5 15. Ng3 Qd5 16. b3 a4 17. Nf1 axb3 18. axb3 Ra2 19. Ne3 Qa8 20. Nf5 Bf8 21. Ng3 Nb6 22. Qd3 Qa6 23. Ne4 Nxe4 24. Qxe4 b4 25. Ng5 g6 26. Nxf7 e5 27. dxe5 d5 28. Qf3 Kxf7 29. e6+ Kg8 30. e7 Qb5 31. Qe3 Qd7 32. e8=Q Rxe8 33. Qxe8 1-0

[Event "Cappelle op 16th"]
[Site "Cappelle la Grande"]
[Date "2000.02.21"]
[Round "3"]
[White "Kharlov, Andrei"]
[Black "Gaponenko, Inna"]
[Result "1-0"]
[WhiteElo "2616"]
[BlackElo "2377"]
[PlyCount "117"]
[EventDate "2000.02.19"]
[Source "ChessBase"]
[SourceDate "2000.03.10"]

1. d4 Nf6 2. g3 g6 3. Bg2 Bg7 4. e4 d6 5. Ne2 O-O 6. O-O e5 7. Nbc3 exd4 8. Nxd4 Nbd7 9. Re1 Re8 10. Bf4 Ne5 11. h3 c6 12. b3 Qa5 13. Bd2 Qc5 14. Nf3 Nfg4 15. Rf1 Nxf3+ 16. Qxf3 Ne5 17. Qd1 f5 18. exf5 Bxf5 19. g4 Nf7 20. Na4 Qxc2 21. gxf5 Qxf5 22. Bc3 Ne5 23. f4 Nd3 24. Bxg7 Kxg7 25. Qg4 Qf6 26. Rad1 Re3 27. f5 g5 28. Rf3 Rxf3 29. Qxf3 Nf4 30. Re1 Rf8 31. Qc3 Qxc3 32. Nxc3 d5 33. Na4 b6 34. Bf1 Rxf5 35. Nb2 Ng6 36. Nd3 Nh4 37. Re7+ Kf6 38. Rxh7 Nf3+ 39. Kh1 Ne1 40. Be2 Nxd3 41. Bxd3 Rf3 42. Be2 Rf2 43. Rh6+ Kf5 44. Bg4+ Ke4 45. Re6+ Kd3 46. Rxc6 Rxa2 47. Rg6 d4 48. Rxg5 Ke3 49. Rg7 d3 50. h4 Ra1+ 51. Kg2 d2 52. Rd7 Kf4 53. Bf3 Ke3 54. h5 Ra5 55. Re7+ Kf4 56. Re4+ Kg5 57. Rd4 Ra2 58. Bd1 a5 59. Kf2 1-0

[Event "II Open internazionale"]
[Site "Morelia MES"]
[Date "2007.02.17"]
[Round "4"]
[White "Huerta, S."]
[Black "Cheparinov, I."]
[Result "0-1"]
[WhiteElo "2352"]
[BlackElo "2640"]
[PlyCount "44"]
[EventDate "2007.02.15"]
[Source "www.chesslib.no"]
[SourceDate "2004.05.04"]

1. d4 Nf6 2. c3 g6 3. Bg5 Bg7 4. Nd2 O-O 5. e3 d6 6. Bd3 e5 7. Ne2 Nbd7 8. O-O Qe7 9. Bh4 h6 10. Qc2 Re8 11. f4 exf4 12. exf4 Qf8 13. Rf3 b6 14. Ng3 Bb7 15. Nge4 c5 16. dxc5 Nxe4 17. Bxe4 d5 18. Bd3 d4 19. Be4 Qxc5 20. Bf2 Bxe4 21. Nxe4 Qf5 22. Re1 Nc5 0-1

[Event "Balaguer (Spain)"]
[Site "?"]
[Date "2005.07.23"]
[Round "6"]
[White "Burmakin Vladimir"]
[Black "Mateo Ramon"]
[Result "0-1"]
[WhiteElo "2558"]
[BlackElo "2434"]
[PlyCount "77"]
[EventDate "2005.??.??"]
[Source "www.chesslib.no"]
[SourceDate "2004.05.04"]

1. d4 Nf6 2. g3 g6 3. Bg2 Bg7 4. e4 d6 5. Ne2 O-O 6. O-O c6 7. a4 a5 8. Nbc3 e5 9. h3 Na6 10. Be3 exd4 11. Bxd4 Nb4 12. Nb1 Re8 13. c3 Na6 14. Nd2 Be6 15. Nf4 Qd7 16. Re1 Nc7 17. Nxe6 Nxe6 18. Bxf6 Bxf6 19. Nc4 Rad8 20. Nxa5 Qc7 21. Nc4 Nc5 22. Qc2 h5 23. h4 Nd7 24. Rad1 Ne5 25. Ne3 Bg7 26. Qb3 Bh6 27. f4 Nd7 28. Nc4 Bf8 29. Bf3 Rb8 30. Kg2 b5 31. axb5 Rxb5 32. Qc2 Reb8 33. Re2 d5 34. exd5 cxd5 35. Rxd5 Qxc4 36. Rxd7 Rxb2 37. Qxb2 Rxb2 38. Rxb2 Qxc3 39. Ra2 0-1

[Event "Budapest FS12 GM-A"]
[Site "Budapest"]
[Date "2001.12.03"]
[Round "3"]
[White "Koneru, Humpy"]
[Black "Cao Sang"]
[Result "1-0"]
[WhiteElo "2484"]
[BlackElo "2507"]
[PlyCount "119"]
[EventDate "2001.11.01"]
[Source "ChessBase"]
[SourceDate "2002.03.21"]

1. d4 Nf6 2. g3 d5 3. Bg2 c6 4. Nf3 Bg4 5. b3 e6 6. O-O Nbd7 7. c4 Be7 8. Ba3 O-O 9. Qc1 Re8 10. Qb2 h6 11. Rd1 Bf5 12. e3 b5 13. Bxe7 Qxe7 14. c5 Bg4 15. h3 Bxf3 16. Bxf3 e5 17. Nd2 exd4 18. exd4 Qe6 19. Kg2 Ne4 20. Re1 f5 21. b4 a5 22. a3 Ndf6 23. Nb3 a4 24. Nc1 Nd7 25. Nd3 Qf6 26. Kh2 Ng5 27. Rxe8+ Rxe8 28. Bg2 Ne6 29. Re1 Rf8 30. Ne5 Nxe5 31. Rxe5 f4 32. h4 fxg3+ 33. fxg3 g6 34. Bh3 Ng7 35. Qe2 Kh7 36. Qe3 Qf2+ 37. Qxf2 Rxf2+ 38. Kg1 Rf3 39. Bd7 Rxa3 40. Bxc6 Rb3 41. Bxd5 Rxb4 42. c6 Rb1+ 43. Kf2 Rc1 44. Re1 Rc2+ 45. Re2 Rc3 46. Rb2 Nf5 47. Rxb5 Rc2+ 48. Ke1 a3 49. Rb7+ Kh8 50. Ra7 Ne3 51. Be4 Rc3 52. Kd2 Rb3 53. c7 Nc4+ 54. Kc2 Rb2+ 55. Kc1 Nd6 56. Rxa3 Rb4 57. Ra8+ Kg7 58. Rd8 Rc4+ 59. Bc2 Rxc7 60. Rxd6 1-0

[Event "Las Palmas3"]
[Site "Las Palmas"]
[Date "1993.??.??"]
[Round "7"]
[White "Todorcevic, Miodrag"]
[Black "Izeta Txabarri, Felix"]
[Result "0-1"]
[WhiteElo "2480"]
[BlackElo "2510"]
[PlyCount "96"]
[EventDate "1993.12.??"]
[Source "ChessBase"]

1. d4 Nf6 2. g3 c5 3. d5 e6 4. Nc3 exd5 5. Nxd5 Nxd5 6. Qxd5 Nc6 7. c3 Be7 8. Nh3 O-O 9. Bg2 d6 10. O-O Re8 11. e4 Bf8 12. Nf4 Ne5 13. Qd1 Bg4 14. f3 Bd7 15. b3 b5 16. Nd5 Bc6 17. f4 Nd7 18. c4 bxc4 19. bxc4 Nb6 20. Qd3 Rb8 21. Rf2 Bb7 22. Bd2 Ba6 23. Nxb6 Qxb6 24. Bc3 Qd8 25. Rc1 Bb7 26. h4 Bc6 27. Re1 Rb7 28. f5 Be7 29. f6 Bxf6 30. Rxf6 gxf6 31. Rf1 Re5 32. Bxe5 fxe5 33. Qf3 Qe7 34. Qg4+ Kh8 35. Qh5 Qe6 36. Qg5 h6 37. Qd8+ Kg7 38. Rd1 Rd7 39. Qc8 Bb7 40. Qb8 Qg4 41. Re1 Qxg3 42. Re2 a6 43. Qe8 Bc6 44. Rf2 Rb7 45. Qxc6 Rb1+ 46. Rf1 Rb2 47. Rxf7+ Kxf7 48. Qd7+ Kg8 0-1

[Event "SUI-ch"]
[Site "Leukerbad"]
[Date "2002.07.17"]
[Round "7"]
[White "Ekstroem, Roland"]
[Black "Gallagher, Joseph G"]
[Result "1/2-1/2"]
[WhiteElo "2471"]
[BlackElo "2517"]
[PlyCount "34"]
[EventDate "2002.07.11"]
[Source "ChessBase"]
[SourceDate "2002.11.12"]

1. d4 Nf6 2. g3 g6 3. Bg2 Bg7 4. e4 d6 5. Ne2 Nbd7 6. d5 Nc5 7. Nbc3 e6 8. dxe6 Bxe6 9. O-O O-O 10. Nf4 Bd7 11. Nd3 Na4 12. Bd2 Nxc3 13. Bxc3 Ng4 14. Bxg7 Kxg7 15. h3 Nf6 16. e5 dxe5 17. Nxe5 Be6 1/2-1/2

[Event "XX Carlos Torre Wimbledon"]
[Site "Merida MEX"]
[Date "2007.12.19"]
[Round "1.1"]
[White "Cordova, Em"]
[Black "Zapata, Alo"]
[Result "1-0"]
[WhiteElo "2493"]
[BlackElo "2495"]
[PlyCount "93"]
[EventDate "2007.12.19"]
[Source "www.chesslib.no"]
[SourceDate "2004.05.04"]

1. d4 Nf6 2. g3 g6 3. Bg2 Bg7 4. e4 d6 5. Ne2 c5 6. dxc5 Qa5+ 7. Nbc3 Qxc5 8. Be3 Qa5 9. h3 O-O 10. O-O Nc6 11. f4 Be6 12. Qd3 Rfd8 13. a3 Rac8 14. Rfd1 a6 15. Nd5 Nxd5 16. exd5 Bf5 17. Qb3 Nb8 18. c3 Nd7 19. g4 Nc5 20. Qb4 Qxb4 21. axb4 Bd3 22. Ng3 Bc2 23. bxc5 Bxd1 24. Rxd1 dxc5 25. Ne4 b6 26. Bf1 Ra8 27. Nd2 Rxd5 28. Bg2 e6 29. Ra1 a5 30. Nc4 Rb8 31. Bxd5 exd5 32. Nd6 Kf8 33. Rd1 Rd8 34. Nc4 Re8 35. Rxd5 Re4 36. Rd8+ Ke7 37. Re8+ Kxe8 38. Nd6+ Kd7 39. Nxe4 a4 40. Kf1 f5 41. gxf5 gxf5 42. Ng3 Ke6 43. Ke2 a3 44. bxa3 Bxc3 45. a4 Bf6 46. Kd3 Bh4 47. Ne2 1-0

[Event "Pedro Zabala (6eme memorial)"]
[Site "?"]
[Date "2004.10.12"]
[Round "2"]
[White "Cueto Chajtur Johny"]
[Black "Van Wely Loek"]
[Result "0-1"]
[WhiteElo "2306"]
[BlackElo "2681"]
[PlyCount "52"]
[EventDate "2004.??.??"]
[Source "www.chesslib.no"]
[SourceDate "2004.05.04"]

1. d4 Nf6 2. e3 e6 3. Bd3 b6 4. Nd2 Bb7 5. Ngf3 c5 6. c3 Nc6 7. O-O d5 8. Re1 Be7 9. Qe2 O-O 10. b3 a5 11. Bb2 a4 12. c4 cxd4 13. exd4 Bb4 14. Rec1 a3 15. Bc3 dxc4 16. Nxc4 Bxc3 17. Rxc3 Nxd4 18. Nxd4 Qxd4 19. Rac1 Nd5 20. Bxh7+ Kh8 21. Rd3 Nf4 22. Qg4 Qf6 23. Rd7 Bxg2 24. Bd3 Rac8 25. Rd1 Rc5 26. Ne3 Bc6 0-1

[Event "94P3"]
[Site "94P3"]
[Date "1994.??.??"]
[Round "?"]
[White "Rogers, Ian"]
[Black "Adla, Diego G"]
[Result "0-1"]
[WhiteElo "2565"]
[BlackElo "2415"]
[PlyCount "85"]
[EventDate "1994.??.??"]
[Source "www.chesslib.no"]
[SourceDate "2004.05.04"]

1. c3 Nf6 2. d4 d5 3. Bg5 Nbd7 4. Nf3 e6 5. e3 c5 6. Nbd2 Qc7 7. Bd3 b6 8. O-O Bb7 9. Qb1 Bd6 10. b4 O-O 11. Bh4 Rac8 12. a3 Rfe8 13. Rc1 h6 14. Bg3 Bxg3 15. hxg3 e5 16. Bf5 Rcd8 17. Ra2 Re7 18. Rb2 Ba6 19. b5 Bb7 20. a4 e4 21. Nh2 Nf8 22. a5 Bc8 23. axb6 axb6 24. Bxc8 Rxc8 25. dxc5 Qxc5 26. Nb3 Qc7 27. Nd4 N8d7 28. Nc6 Ree8 29. Ra2 Ne5 30. Ra7 Qd6 31. Nxe5 Qxe5 32. Qb2 h5 33. Nf1 Re6 34. Qa1 Rc5 35. Qa6 Ng4 36. Rd7 Rf6 37. Rc2 Nxf2 38. Rxf2 Rxf2 39. Qxb6 Qf5 40. Rd8+ Kh7 41. Qxc5 Rxf1+ 42. Kh2 Qf2 43. Qb6 0-1

[Event "Hafnarfirdi"]
[Site "Hafnarfirdi"]
[Date "1992.??.??"]
[Round "5"]
[White "Levitt, Jonathan"]
[Black "Arnason, Jon L"]
[Result "1/2-1/2"]
[WhiteElo "2465"]
[BlackElo "2515"]
[PlyCount "98"]
[EventDate "1992.03.??"]
[Source "ChessBase"]

1. d4 Nf6 2. c3 e6 3. Bg5 c5 4. e3 d5 5. Nd2 Nbd7 6. f4 Qb6 7. Rb1 cxd4 8. cxd4 Qa5 9. a3 Ne4 10. Ngf3 Nxg5 11. Nxg5 Nf6 12. Bd3 Bd7 13. Qe2 a6 14. O-O Be7 15. Rfc1 Rc8 16. Rxc8+ Bxc8 17. Nb3 Qd8 18. Rc1 O-O 19. h3 g6 20. Qc2 Nd7 21. Nf3 Bd6 22. Ne5 Kg7 23. Qc3 Qh4 24. Qd2 Qe7 25. Qa5 g5 26. Rf1 f6 27. Nxd7 Bxd7 28. Qe1 e5 29. fxe5 fxe5 30. Rxf8 Qxf8 31. dxe5 Bxe5 32. Nd4 Qf6 33. Qf2 h6 34. b4 Qxf2+ 35. Kxf2 Kf6 36. g4 Bd6 37. Bc2 a5 38. bxa5 Bxa3 39. Bd3 Bc8 40. Nb3 Bb4 41. Ke2 Ke5 42. Kf3 Bc3 43. Bb5 Be1 44. Ke2 Bb4 45. Kf3 Bc3 46. Kf2 Kd6 47. Kf3 Ke5 48. Kf2 Kf6 49. Bd3 Ke5 1/2-1/2

[Event "Biel Open"]
[Site "Biel SUI"]
[Date "1990.??.??"]
[Round "6"]
[White "Espig, Lutz"]
[Black "Kuzmin, Alexey"]
[Result "0-1"]
[WhiteElo "2475"]
[BlackElo "2500"]
[PlyCount "159"]
[EventDate "1990.07.??"]
[Source "www.chesslib.no"]
[SourceDate "2004.05.04"]

1. d4 Nf6 2. g3 d5 3. Bg2 Bf5 4. Nf3 e6 5. O-O Nbd7 6. c4 c6 7. Qb3 Qb6 8. Nc3 Be7 9. Re1 Qxb3 10. axb3 Bc2 11. Nd2 O-O 12. e3 a6 13. Bf3 Rac8 14. Bd1 Bg6 15. Nf3 Rfd8 16. Bd2 c5 17. cxd5 exd5 18. Nh4 Bd3 19. Ng2 Bd6 20. f3 g5 21. Na4 cxd4 22. exd4 h6 23. Nc3 Bb8 24. Be3 Nf8 25. Be2 Bxe2 26. Rxe2 Ne6 27. Rd2 Rc6 28. Rd3 Kg7 29. Bf2 Ng8 30. Rad1 Ne7 31. Kf1 Ba7 32. R1d2 Kg6 33. Ne2 Rdc8 34. Rc3 Bb6 35. Rdc2 Ba5 36. Rxc6 bxc6 37. Be1 Bxe1 38. Nxe1 Nf5 39. Rd2 c5 40. dxc5 Rxc5 41. Kf2 Ne7 42. Nc2 Rb5 43. b4 Rb6 44. Nc3 Nc7 45. Ne3 Rxb4 46. Nexd5 Ncxd5 47. Nxd5 Nxd5 48. Rxd5 Rxb2+ 49. Ke3 Rxh2 50. Ra5 h5 51. Rxa6+ f6 52. g4 h4 53. f4 Rh3+ 54. Ke4 Rg3 55. fxg5 Kxg5 56. Ra8 Rxg4+ 57. Kf3 Rg3+ 58. Kf2 Rb3 59. Kg2 f5 60. Rg8+ Kf4 61. Ra8 Rg3+ 62. Kf2 Rg7 63. Ra4+ Kg5 64. Kf3 Rd7 65. Ra8 Rd3+ 66. Kg2 Rd6 67. Kf3 Rd3+ 68. Kg2 Kg4 69. Rg8+ Kf4 70. Ra8 Rg3+ 71. Kf2 Rg6 72. Ra4+ Kg5 73. Kf3 Kh5 74. Ra8 h3 75. Rh8+ Rh6 76. Rg8 Kh4 77. Rg7 Rh5 78. Ra7 Kg5 79. Ra1 h2 80. Rh1 0-1

[Event "JUG-ch"]
[Site "JUG"]
[Date "1989.??.??"]
[Round "?"]
[White "Kovacevic, Vlatko"]
[Black "Ilincic, Zlatko"]
[Result "1/2-1/2"]
[WhiteElo "2545"]
[BlackElo "2430"]
[PlyCount "106"]
[EventDate "1989.02.??"]
[Source "ChessBase"]

1. d4 Nf6 2. c3 d5 3. Bg5 e6 4. Nd2 Be7 5. e3 Nbd7 6. Bd3 e5 7. Ne2 O-O 8. O-O Re8 9. Rc1 c6 10. Bb1 Ng4 11. Bxe7 Qxe7 12. Ng3 Ngf6 13. Re1 Nf8 14. a3 e4 15. c4 Ng6 16. cxd5 cxd5 17. Ba2 Be6 18. Rc3 Nh4 19. Qe2 Rec8 20. Rec1 Rxc3 21. Rxc3 Qd7 22. Bb3 Rc8 23. Rxc8+ Qxc8 24. Qd1 h6 25. Ba4 Bg4 26. Qc2 Qxc2 27. Bxc2 Kf8 28. Nb1 Ke7 29. Nc3 Bd7 30. b4 Kd6 31. Bb3 a6 32. a4 Be6 33. a5 Nf5 34. Nxf5+ Bxf5 35. h4 Be6 36. f3 exf3 37. gxf3 g5 38. hxg5 hxg5 39. Kf2 g4 40. Bd1 gxf3 41. Bxf3 Bd7 42. Kg3 Bc6 43. Kf4 Ke6 44. Bd1 Ne8 45. Bb3 Kd6 46. e4 Nc7 47. e5+ Ke7 48. Ke3 f6 49. Ne2 Ne6 50. Bc2 Bb5 51. Bd3 Bxd3 52. exf6+ Kxf6 53. Kxd3 Ke7 1/2-1/2